Logo BPK

Biblioteka

Politechniki Koszalińskiej

Effekty elektronno -kolebatel'nogo vzaimodejstvija v optičeskich spektrach primesnych paramagnitnych ionov / (Rekord nr 26507)

Szczegóły MARC
000 -ETYKIETA REKORDU
podpole kontrolne o stałej długości 00436nam a2200145 i 4500
001 - NUMER KONTROLNY REKORDU
pole kontrolne bg
040 ## - ŹRÓDŁO KATALOGOWANIA
Instytucja, która utworzyła rekord BPK
041 ## - KOD JĘZYKA
Kod języka tekstu pol
008 - POLE O STAŁEJ DŁUGOŚCI - DANE KONTROLNE
podpole kontrolne o stałej długości s pl f |000 0 pol
100 1# - NAZWA OSOBOWA
Nazwa osobowa PERLIN, Ju. E.
245 #0 - TYTUŁ/ODPOWIEDZIALNOŚĆ
Tytuł Effekty elektronno -kolebatel'nogo vzaimodejstvija v optičeskich spektrach primesnych paramagnitnych ionov /
Pozostałe elementy strefy tytułu i oznaczenia odpowiedzialności Ju.E. Perlin, B.S. Cukreblat.
260 ## - STREFA ADRESU WYDAWNICZEGO
Miejsce wydania Kišinov,
Data publikacji, dystrybucji/powstania dokumentu 1974.
700 1# - HASŁO DODATKOWE - NAZWA OSOBOWA
Nazwa osobowa CUKREBLAT, B. S.
942 ## - DODATKOWE ELEMENTY (KOHA)
Typ dokumentu Książka
Egzemplarze
Wycofany Status egzemplarza Uszkodzony Dostępność Lokalizacja stała Lokalizacja bieżąca Miejsce przechowywania Sygnatura Kod kreskowy Typ dokumentu Numer ubytku
      Dostępny Biblioteka Politechniki Koszalińskiej Biblioteka Politechniki Koszalińskiej Wypożyczalnia BG 17913 01715712 Książka  
  Egz. niedostępny   Niedostępny Biblioteka Politechniki Koszalińskiej Biblioteka Politechniki Koszalińskiej   17914 01715729 Książka 11742
© 2023 Biblioteka Politechniki Koszalińskiej :: KOHA